000 00599nam a22002177a 4500
999 _c51032
_d51032
005 20181218101811.0
010 _aB-422621 B-691604
020 _c315.00
035 _aB-422621
037 _aBestword
_bRP/BL-4
082 _a657.45
100 _aBansal,Surbhi
245 _aAuditing and Assurance
_cSurbhi Bansal
250 _a6th ed.
260 _aDelhi
_bBestword Publications
_c2010
270 _aB-11,Third floor,Swasthya Vihar
_bDelhi
_e110092
300 _aI-56,276p
_c26cm(pbk)
700 _aBansal,Surbhi
_926515
942 _2ddc
_cEN
_h657.45
_kBAN